LEADER 01353nam a2200289 u 4500 001 000000034611 003 CaOOAMICUS 005 20070226112507.0 008 980209s1997 it u000 u ita u 020 $a8837216181 035 $a10781911 040 $aPULR)$bita 245 00$aDietrich Bonhoeffer :$bdalla debolezza di Dio alla responsabilità dell'uomo : atti del convegno tenuto a Trento dal 5 al 7 aprile 1995 /$c[a cura di] Alberto Conci [e] Silvano Zucal. 260 $aBrescia :$bMorcelliana,$c1997. 300 $a431 p. ;$c24 cm 500 $aContiene indici: p. [425]-436. 504 $aNote bibliografiche. 600 14$aBonhoeffer, Dietrich,$d1906-1945$xCorrispondenza.$0(OLS)http://pul/subject/17544 700 1 $aZucal, Silvano.$0(OLS)http://pul/name/15105 700 1 $aConci, Alberto.$0(OLS)http://pul/name/26643 850 $aPUL 852 $aPUL$W1$xSL Religione 1$y3$m75 M 75$j47371$nBK-PRI$b $qStampati$B47371$CPULBib$Z2$F47371 $H $81 941 1 $a8 961 $aINV: 77436 996 $6020$a8837216181$9(OLS)http://pul/number/43509 996 $6245$aDietrich Bonhoeffer :$bdalla debolezza di Dio alla responsabilità dell'uomo : atti del convegno tenuto a Trento dal 5 al 7 aprile 1995$9(OLS)http://pul/title/47663 996 $6260$aBrescia :$bMorcelliana$9(OLS)http://pul/publisher/47854 LEADER 01139nam a2200289 u 4500 001 000000074487 003 CaOOAMICUS 005 20070226122452.0 008 021209s1992 fr u000 u fre u 020 $a2130448615 035 $a10947892 040 $aPUL$bita 100 1 $aSchmitt, Charles B.$q(Charles Bernard),$d1933-1986.$0(OLS)http://pul/name/49404 245 10$aAristote et la Renaissance /$cCharles Schmitt. 260 $aParis :$bPresses Universitaires de France,$c1992. 300 $a183 p. ;$c21 cm 490 1 $aEpiméthée 504 $aBibliografia in nota. 650 4$aAristotelismo$ySec. XVI-XVII.$0(OLS)http://pul/subject/26005 830 0$aEpiméthée.$0(OLS)http://pul/title/13231 850 $aPUL 852 $aPUL$W1$xSL Filosofia 1$y2$m86 P 27$j96082$nBK-PRI$b $qStampati$B96082$CPULBib$Z2$F96082 $H $81 941 1 $a8 961 $aINV: 88234 996 $6020$a2130448615$9(OLS)http://pul/number/96640 996 $6245$aAristote et la Renaissance$9(OLS)http://pul/title/97790 996 $6260$aParis :$bPresses Universitaires de France$9(OLS)http://pul/publisher/47940